000 01031nam a22002895i 4500
001 173752
003 ES-MaACL
005 20230906215333.0
008 100114s2009 sp |||| | spa d
020 _a978-84-9899-114-7
080 _a77(44)"19"
245 0 0 _aParís, capital de la fotografía /
_cRobert Doisneau, Henri Cartier-Bresson, André Kertész, Willy Ronis, Brassaï ; [redacción, Vicente Ponce, Joan Soriano].
260 _a[Madrid] :
_bPúblico,
_c2009.
300 _a[32] p. :
_bprincipalmente fot. col. y n. ;
_c27 cm.
490 1 _aMaestros de la fotografía ;
_v15
650 4 _aFotografía-
_zFrancia.
_9171894
700 1 _aDoisneau, Robert.
_945005
700 1 _aCartier-Bresson, Henri.
_935901
700 1 _aKertész, André.
_9141946
700 1 _aRonis, Willy.
_9141944
700 0 _aBrassaï.
_931390
700 1 _aPonce, Vicente.
_9173428
700 1 _aSoriano, Joan.
_9173429
830 1 _aMaestros de la fotografía ;
_v15
_9189242
852 _aES-MaACL
_j2284-F-15
999 _c173752
_d173752